00556nam a22002057a 4500003000500000005001700005008004100022010001000063011001000073035001000083040000900093082001800102100002200120245004800142260005000190300001000240490004200250650001700292830004100309CHAP20220817042224.0971013s1924 r 00010 d a37932 a38904 a43024 cCHAP a599.0973bM5500aMiller, Gerrit S. aList of North American recent mammals, 1923 aWashington :bSmithosonian Institution,c1924 a673 p aU.S. National Museum. Bulletinv; 12814aMamíferos.0 aU.S. National Museum Bulletinv; 128